000 01908cam a2200517 a 4500
001 20740
003 VRT
005 20260131103435.0
008 210928s1987 xo gr 000 f slo
015 _aSNBA1987
020 _q(viazané)
039 9 _a202512091333
_bAUTHORITY
_c202512091323
_dAUTHORITY
_c202209051236
_dmsnk160
_c202209050817
_dmsnk160
040 _aSNK
_bslo
_cSNK
_eAACR2
041 1 _aslo
_heng
044 _axo
_cSK
072 7 _a821.111(73)-3
_xAmerická próza
_2konspekt
080 _a821.111(73)-31
_22011
080 _a(0:82-312.4)
_22011
100 1 _aMacdonald, Ross,
_d1915-1983
_4aut
245 1 0 _a3x proti zločinu
_cRoss MacDonald ; [z anglických originálov preložili Tatiana Fusánová, Pavel Branko, Adriana Oravcová]
246 3 _aTrikrát proti zločinu
250 _a1. vyd.
260 _aBratislava
_bSlovenský spisovateľ
_c1987
300 _a677 strán
_c21 cm
366 _e60000 kusov
490 1 _aSpoločnosť priateľov krásnych kníh
_vzv. 478
500 _aObsahuje 3 romány
500 _aRozložený titulný list
655 7 _adetektívne romány
_2SNKPH
655 7 _aamerické romány
_2SNKPH
700 1 _aFusánová, Tatiana
_4trl
700 1 _aBranko, Pavel,
_d1921-2020
_4trl
700 1 _aOravcová, Adriana,
_d1952-
_4trl
700 1 2 _aMacdonald, Ross,
_d1915-1983
_tThe Galton case
_lSlovensky
700 1 2 _aMacdonald, Ross,
_d1915-1983
_tThe way some people die
_lSlovensky
700 1 2 _aMacdonald, Ross,
_d1915-1983
_tThe Ferguson affair
_lSlovensky
740 0 2 _aGaltonov prípad
740 0 2 _aAj takto sa umiera
740 0 2 _aFergusonova aféra
830 0 _aSpoločnosť priateľov krásnych kníh
910 _asnk
942 _2ddc
_cKLDO
_n0
949 _6273K0181773
_asvkpoA 141848
_bsvkpo342295
949 _617A0515644
_asnkSC 70086 D1
_bsnkKSP 9912/87
949 _617A0930606
_asnkSC 70086
_bsnkKSP 9911/87
_s6100:20220928
999 _c20740
_d20740